Highway traffic analysis and design (Record no. 28058)

000 -LEADER
fixed length control field 00501nam a2200193 i 4500
001 - CONTROL NUMBER
control field 28058
003 - CONTROL NUMBER IDENTIFIER
control field BD-DhUET
008 - FIXED-LENGTH DATA ELEMENTS--GENERAL INFORMATION
fixed length control field 770606s1976 enkabk b 001 0 eng
040 ## - CATALOGING SOURCE
Original cataloging agency DLC
Transcribing agency DLC
Modifying agency BD-DhUET
082 00 - DEWEY DECIMAL CLASSIFICATION NUMBER
Classification number 388.312
Item number SAL/1996
100 ## - MAIN ENTRY--PERSONAL NAME
Personal name Salter, R. J.
245 10 - TITLE STATEMENT
Title Highway traffic analysis and design
Statement of responsibility, etc. [by] R. J. Salter.
250 ## - EDITION STATEMENT
Edition statement 3rd ed.
260 ## - PUBLICATION, DISTRIBUTION, ETC. (IMPRINT)
Place of publication, distribution, etc. London
Name of publisher, distributor, etc. Macmillan
Date of publication, distribution, etc. 1996
300 ## - PHYSICAL DESCRIPTION
Extent vii, 392 p.
650 #0 - SUBJECT ADDED ENTRY--TOPICAL TERM
Topical term or geographic name as entry element Traffic engineering
700 ## - ADDED ENTRY--PERSONAL NAME
Personal name Hounsell, N. B.
942 ## - ADDED ENTRY ELEMENTS (KOHA)
Koha item type General Book
Holdings
Lost status Copy number Koha normalized classification for sorting Koha date last seen Source of classification or shelving scheme Price effective from Damaged status Location (home branch) Withdrawn status Koha full call number Sublocation or collection (holding branch) Piece designation (barcode) Koha item type Shelving location Not for loan Date acquired
 1388_312000000000000_SAL_19962015-06-09 2015-06-09 Central Library, BUET 388.312/SAL/1996Central Library, BUET92204Reading ItemReading section 2015-06-09
 2388_312000000000000_SAL_19962015-06-09 2015-06-09 Central Library, BUET 388.312/SAL/1996Central Library, BUET92203Reading ItemReading section 2015-06-09
 3388_312000000000000_SAL_19962019-03-13 2019-03-13 Central Library, BUET 388.312/SAL/1996Central Library, BUET92206General BookCirculation section 1998-06-01